000 00554nam a2200205 i 4500
001 bgj
100 1 _aOXENDEN, Clive
245 1 0 _aEnglish File /
_cClive Oxenden ; Paul Seligson.
260 _aOxford :
_bOxford University Press,
_cc. 1996.
300 _aset of 3 audio cassettes.
650 9 _aEnglish language
655 _aTextbooks for foreigners
700 1 _aSELIGSON, Paul.
_eco-author
020 _a0194355217
040 _cBPK
041 0 _aeng
920 _a0-19-435521-7
942 _cKS
008 s uk f |000 0 eng
999 _c50216
_d50216
856 _uhttp://koha.tu.koszalin.pl/cgi-bin/koha/opac-detail.pl?biblionumber=50216
_yKatalog online BPK